| 000 | 00671nam a2200229 a 4500 | ||
|---|---|---|---|
| 005 | 20210223124846.0 | ||
| 008 | 030307s2000 mx r 000 0 spa d | ||
| 020 | _a8429466282 | ||
| 035 | _aUPN01000122628 | ||
| 049 | _aC | ||
| 050 | 4 |
_aPC4625 _bS4.3 |
|
| 100 | 1 |
_aSeco, Manuel, _d1928- _929990 |
|
| 245 | 1 | 0 |
_aDiccionario abreviado del español actual / _cManuel Seco, Olimpia Andrés, Gabino Ramos. |
| 260 |
_aMadrid : _bAguilar, _cc2000. |
||
| 300 | _axxvii, 1846 p. | ||
| 500 | _a"Lexicografía" | ||
| 650 | 4 |
_aESPAÑOL - _vDICCIONARIOS _99421 |
|
| 700 | 1 |
_aAndrés, Olimpia, _ecoaut. |
|
| 700 | 1 |
_aRamos, Gabino, _ecoaut. |
|
| 902 | _aGPR/GPE | ||
| 905 | _aLibro | ||
| 999 |
_c94813 _d94813 |
||